<?xml version="1.0" encoding="UTF-8"?><?xml-stylesheet type="text/xsl" href="static/style.xsl"?><OAI-PMH xmlns="http://www.openarchives.org/OAI/2.0/" xmlns:xsi="http://www.w3.org/2001/XMLSchema-instance" xsi:schemaLocation="http://www.openarchives.org/OAI/2.0/ http://www.openarchives.org/OAI/2.0/OAI-PMH.xsd"><responseDate>2026-04-14T21:09:31Z</responseDate><request verb="GetRecord" identifier="oai:uvadoc.uva.es:10324/62877" metadataPrefix="marc">https://uvadoc.uva.es/oai/request</request><GetRecord><record><header><identifier>oai:uvadoc.uva.es:10324/62877</identifier><datestamp>2025-03-26T19:45:19Z</datestamp><setSpec>com_10324_5262</setSpec><setSpec>com_10324_5186</setSpec><setSpec>com_10324_29291</setSpec><setSpec>col_10324_62871</setSpec></header><metadata><record xmlns="http://www.loc.gov/MARC21/slim" xmlns:doc="http://www.lyncode.com/xoai" xmlns:xsi="http://www.w3.org/2001/XMLSchema-instance" xmlns:dcterms="http://purl.org/dc/terms/" xsi:schemaLocation="http://www.loc.gov/MARC21/slim http://www.loc.gov/standards/marcxml/schema/MARC21slim.xsd">
<leader>00925njm 22002777a 4500</leader>
<datafield tag="042" ind1=" " ind2=" ">
<subfield code="a">dc</subfield>
</datafield>
<datafield tag="720" ind1=" " ind2=" ">
<subfield code="a">Lecuona Prats, Emilio</subfield>
<subfield code="e">author</subfield>
</datafield>
<datafield tag="260" ind1=" " ind2=" ">
<subfield code="c">2023</subfield>
</datafield>
<datafield tag="520" ind1=" " ind2=" ">
<subfield code="a">La precipitación en cascada de los derechos humanos (Lynn Hunt, La invención de los Derechos Humanos, 2007) es un planteamiento teórico de utilidad para comprender el devenir histórico de los mismos, pero también un buen punto de partida para reflexionar acerca de su presente y futuro, en concreto, para observar la repercusión que en ellos puede tener la conocida como teoría queer. En este estudio se pretende, además de aclarar conceptualmente ambos paradigmas, reflexionar acerca de la posible interrelación que puede detectarse entre ellos.</subfield>
</datafield>
<datafield tag="024" ind2=" " ind1="8">
<subfield code="a">Revista de Estudios Europeos; Núm. Extraordinario monográfico 2 (2023): Los derechos fundamentales en el siglo XXI pags. 311-336</subfield>
</datafield>
<datafield tag="024" ind2=" " ind1="8">
<subfield code="a">2530-9854</subfield>
</datafield>
<datafield tag="024" ind2=" " ind1="8">
<subfield code="a">https://uvadoc.uva.es/handle/10324/62877</subfield>
</datafield>
<datafield tag="024" ind2=" " ind1="8">
<subfield code="a">10.24197/ree.Extraordinario monográfico 2.2023.311-336</subfield>
</datafield>
<datafield tag="024" ind2=" " ind1="8">
<subfield code="a">311</subfield>
</datafield>
<datafield tag="024" ind2=" " ind1="8">
<subfield code="a">Extraordinario monográfico 2</subfield>
</datafield>
<datafield tag="024" ind2=" " ind1="8">
<subfield code="a">336</subfield>
</datafield>
<datafield tag="245" ind1="0" ind2="0">
<subfield code="a">Precipitación en cascada de los derechos humanos y teoría queer</subfield>
</datafield>
</record></metadata></record></GetRecord></OAI-PMH>